Physics experiments and projects for students / (Record no. 180571)

000 -LEADER
fixed length control field 00774 a2200217 4500
003 - CONTROL NUMBER IDENTIFIER
control field Nust
005 - DATE AND TIME OF LATEST TRANSACTION
control field 20221128100341.0
010 ## - LIBRARY OF CONGRESS CONTROL NUMBER
LC control number 96195365
020 ## - INTERNATIONAL STANDARD BOOK NUMBER
International Standard Book Number 81-85617-70-8
040 ## - CATALOGING SOURCE
Transcribing agency Nust
082 00 - DEWEY DECIMAL CLASSIFICATION NUMBER
Classification number 530,PHY
245 00 - TITLE STATEMENT
Title Physics experiments and projects for students /
Statement of responsibility, etc. edited by C. Isenberg and S. Chomet.
250 ## - EDITION STATEMENT
Edition statement vol.ii
260 ## - PUBLICATION, DISTRIBUTION, ETC.
Place of publication, distribution, etc. Bristol, PA :
Name of publisher, distributor, etc. Taylor & Francis,
Date of publication, distribution, etc. <c1996- >
300 ## - PHYSICAL DESCRIPTION
Extent 188p
Other physical details ill. ;
Dimensions 22 cm.
505 ## - FORMATTED CONTENTS NOTE
Formatted contents note General Properties of Matter (Page-1), Light and Sound (Page-29), Heat and thermodynamics (Page-85), Magnetism Electricity and Electronics (Page-105), Computing (Page-141).
650 #0 - SUBJECT ADDED ENTRY--TOPICAL TERM
Topical term or geographic name entry element Physics
General subdivision Experiments.
9 (RLIN) 35545
700 1# - ADDED ENTRY--PERSONAL NAME
Personal name Chomet, S.
9 (RLIN) 103656
700 1# - ADDED ENTRY--PERSONAL NAME
Personal name Isenberg, Cyril.
9 (RLIN) 103657
942 ## - ADDED ENTRY ELEMENTS (KOHA)
Source of classification or shelving scheme
Koha item type Book
Call number prefix 530,PHY
Holdings
Withdrawn status Lost status Source of classification or shelving scheme Damaged status Not for loan Collection code Permanent Location Current Location Date acquired Total Checkouts Full call number Barcode Date last seen Price effective from Koha item type
            Military College of Signals (MCS) Military College of Signals (MCS) 12/12/2016   530 PHY MCS30304 12/08/2016 12/12/2016 Book
© 2023 Central Library, National University of Sciences and Technology. All Rights Reserved.